| 000 | 00423nam a22001577a 4500 | ||
|---|---|---|---|
| 008 | 170215s2012 gt||||| |||| 00| 0 gt d | ||
| 082 | 0 | 4 |
_a861 _bP372a |
| 100 | 1 |
_aPedroza, Josué. _95731 |
|
| 245 | 1 | 0 |
_aAcidia / _cJosué Pedroza. |
| 250 | _a1a ed. | ||
| 260 |
_aGuatemala : _bEdiciones Bizarras, _c2012. |
||
| 300 | _a40 p. | ||
| 653 | 1 | 0 | _aLiteratura |
| 653 | 1 | 0 | _aPoesía - Guatemala |
| 653 | 1 | 0 | _aLiteratura Latinoamericana |
| 999 |
_c1148 _d1148 |
||